Statistics for Country Names Whose First and Last Letters Are One Letter Apart in the Alphabet

Click here to take the quiz!

General Stats

  • This quiz has been taken 78 times
  • The average score is 8 of 12

Answer Stats

Country% Correct
Oman
83%
Bolivia
79%
Botswana
71%
Haiti
71%
Bulgaria
70%
Chad
70%
France
68%
Bosnia and Herzegovina
67%
Qatar
63%
Tuvalu
63%
Vanuatu
57%
Dominican Republic
56%

Score Distribution

Percentile by Number Answered

Percent of People with Each Score

Your Score History

You have not taken this quiz